Úvod do problematiky hyperaktívneho močového mechúra

Bibliographic Details
Main Author: Janišová, Susan (Author)
Format: Article
Language:Slovak
PhysicalDescription:Grafy, obr., tab.
ISSN:1335-0633
Subjects:

MARC

LEADER 00000nab a2200000 a 4500
001 vtls008416296
003 SK-MaSNL
005 20260304210400.0
008 250505c2005 xo 0 slo
015 |a SNBCL2005/5 
035 |a SLK034538 
035 |a urn:nbn:sk:snk-abbzdq 
035 |a (urnnbn)urn:nbn:sk:snk:ar-0059uv 
035 |a (uuid)44849768-d7de-4c61-b3ca-5d82e3697aa8 
040 |a SNKBUCL  |b slo  |c SNKBUCL  |e AACR2 
041 0 |a slo 
044 |a xo  |c SK 
080 |a 616.62-008.22-7-08  |2 1981 
100 1 |a Janišová, Susan  |u Phizer Luxembourg SARL, Bratislava  |4 aut  |9 1541480 
245 1 0 |a Úvod do problematiky hyperaktívneho močového mechúra  |c Susan Janišová 
300 |b Grafy, obr., tab. 
504 |a Bibliogr. odkazy 
650 0 7 |a klasifikácia  |2 MESH  |9 3849 
650 0 7 |a inkontinencia moču  |x komplikácie  |2 MESH  |9 1461944 
650 0 7 |a neurotransmitery  |2 MESH  |9 18673 
650 0 7 |a infekcie močových ciest  |2 MESH  |9 20103 
650 0 7 |a muskarín  |x analógy a deriváty  |2 MESH  |9 1541481 
650 0 7 |a metódy  |2 MESH  |9 3855 
650 0 7 |a výkony chirurgické urologické  |2 MESH  |9 1055427 
650 0 7 |a behaviorálna terapia  |2 MESH  |9 83566 
650 0 7 |a neurogénny močový mechúr  |2 MESH  |9 872541 
773 0 |t Pharma journal  |g Roč. 15, č. 2 (2005), s. 46-49  |x 1335-0633 
850 |a Slovenská národná knižnica 
852 |a Slovenská národná knižnica 
954 |a odborná, vedecká literatúra pôvodná (slovenská)  |2 lita 
958 |a article15 
958 |a OND 
958 |a EUIPO 
999 |c 3125844  |d 3127774